Statystyki dla Wszystkie mecze reprezentacji Polski za kadencji Santosa

Kliknij tutaj aby rozwiązać quiz!

Ogólne statystyki

  • Ten quiz został rozwiązany 57 razy
  • Średni wynik to 6 z 6

Statystyki odpowiedzi

RozgrywkiWynikReprezentacja% Poprawnych
Kwalifikacje do ME1:3Czechy
100%
Kwalifikacje do ME1:0Albania
98%
Kwalifikacje do ME0:2Albania
98%
Kwalifikacje do ME2:3Mołdawia
98%
Kwalifikacje do ME2:0Wyspy Owcze
96%
Mecz towarzyski1:0Niemcy
91%

Rozkład punktacji

Percentyl według liczby udzielonych odpowiedzi

Procent ludzi z każdym wynikiem

Twoja historia wyników

Nie rozwiązałeś tego quizu